LIBRARY & INFORMATION CENTRE, KCAET, TAVANUR

ONLINE PUBLIC ACCESS CATALOGUE (OPAC)

Fish processing technology / (Record no. 13131)

MARC details
000 -LEADER
fixed length control field 00324cam a2200133ua 4500
020 ## - INTERNATIONAL STANDARD BOOK NUMBER
ISBN 9780751402735
082 ## - DEWEY DECIMAL CLASSIFICATION NUMBER
Classification number 664.94
Item number HAL/FI
100 ## - MAIN ENTRY--AUTHOR NAME
Personal name Hall, G.M .
245 00 - TITLE STATEMENT
Title Fish processing technology /
250 ## - EDITION STATEMENT
Edition statement 2 /
260 ## - PUBLICATION, DISTRIBUTION, ETC. (IMPRINT)
Place of publication London :
Name of publisher Blackie Academic & Professional ,
Year of publication 1997.
300 ## - PHYSICAL DESCRIPTION
Number of Pages 294 ; .
942 ## - ADDED ENTRY ELEMENTS (KOHA)
Koha item type Books
Holdings
Withdrawn status Lost status Damaged status Home library Current library Date acquired Full call number Accession Number Koha item type
      KAUAET KAUAET 07/04/2012 664.94 21330 Books
free website counter